| Tag |
First Indicator |
Second Indicator |
Subfields |
| LEADER |
00000cam a2200000 i 4500 |
| 001 |
in00000083688 |
| 005 |
20151008053136.0 |
| 008 |
800401s1979 ilu b 00010 eng |
| 010 |
|
|
|a 79121783
|
| 020 |
|
|
|c $10.00
|
| 035 |
|
|
|a (OCoLC)05461624
|
| 035 |
|
|
|9 AAH6388AM
|
| 040 |
|
|
|a DLC
|c DLC
|d TXA
|d UtOrBLW
|
| 043 |
|
|
|a n-us---
|
| 049 |
|
|
|a TXAM
|c [1160063]
|
| 050 |
0 |
0 |
|a Z7164.H8
|b A57
|
| 100 |
1 |
|
|a Ansley, Robert E.
|
| 245 |
1 |
0 |
|a Discrimination in housing /
|c by Robert E. Ansley, Jr.
|
| 264 |
|
1 |
|a Chicago :
|b CPL Bibliographies,
|c 1979.
|
| 300 |
|
|
|a 75 pages ;
|c 28 cm.
|
| 336 |
|
|
|a text
|b txt
|2 rdacontent
|
| 337 |
|
|
|a unmediated
|b n
|2 rdamedia
|
| 338 |
|
|
|a volume
|b nc
|2 rdacarrier
|
| 490 |
1 |
|
|a CPL bibliography ; no. 13
|
| 650 |
|
0 |
|a Discrimination in housing
|z United States
|x Bibliography.
|
| 830 |
|
0 |
|a CPL bibliography ;
|v no. 13.
|
| 999 |
|
|
|a MARS
|
| 999 |
f |
f |
|s 90064034-0d6a-31cc-93c5-5551ec34eeba
|i 3fea88e1-45cd-38f6-a077-ddf3835473a6
|t 0
|
| 952 |
f |
f |
|p ric
|a Texas A&M University
|b Rellis Campus
|c Joint Library Facility
|d Remote Storage
|t 0
|e Z7164.H8 A57
|h Library of Congress classification
|i unmediated -- volume
|m A14842720162
|
| 998 |
f |
f |
|a Z7164.H8 A57
|t 0
|l Remote Storage
|